Sports Teams By State Pt. 2 - Statistics

General Stats
  • This quiz has been taken 3 times
  • The average score is 2 of 336
Answer Stats
State League Answer % Correct
North Carolina NFL Carolina Panthers
100%
North Carolina NBA Charlotte Hornets
33%
Texas NFL Houston Texans
33%
Tennessee NFL Tennessee Titans
33%
South Dakota NAHL (Hockey) Aberdeen Wings
0%
Texas NCAA Abilene Christian
0%
Ohio NCAA Akron
0%
Ohio Eastern League (Baseball) Akron RubberDucks
0%
Texas ECHL (Hockey) Allen Americans
0%
Pennsylvania Eastern League (Baseball) Altoona Curve
0%
Texas Texas League (Baseball) Amarillo Sod Poodles
0%
Texas NAHL (Hockey) Amarillo Wranglers
0%
Washington D.C. NCAA American
0%
North Carolina NCAA Appalachian St
0%
Texas UFL (Football) Arlington Renegades
0%
North Carolina South Atlantic League (Baseball) Asheville Tourists
0%
South Carolina Carolina League (Baseball) Augusta GreenJackets
0%
Texas MLS Austin FC
0%
Tennessee NCAA Austin Peay
0%
Texas G League (Basketball) Austin Spurs
0%
Texas NCAA Baylor
0%
Tennessee NCAA Belmont
0%
Wisconsin Midwest League (Baseball) Beloit Sky Carp
0%
North Dakota NAHL (Hockey) Bismark Bobcats
0%
Ohio NCAA Bowling Green
0%
Rhode Island NCAA Brown
0%
Rhode Island NCAA Bryant
0%
Pennsylvania NCAA Bucknell
0%
Utah NCAA BYU
0%
North Carolina NCAA Campbell
0%
Washington D.C. G League (Basketball) Capital City Go-Go
0%
North Carolina MLS Next Pro (Soccer) Carolina Core
0%
North Carolina NHL Carolina Hurricanes
0%
North Carolina Carolina League (Baseball) Carolina Mudcats
0%
South Carolina NCAA Charleston
0%
South Carolina USL Championship (Soccer) Charleston Battery
0%
South Carolina Carolina League (Baseball) Charleston RiverDogs
0%
South Carolina NCAA Charleston Southern
0%
North Carolina NCAA Charlotte
0%
North Carolina AHL (Hockey) Charlotte Checkers
0%
North Carolina MLS Charlotte FC
0%
North Carolina USL League One (Soccer) Charlotte Independence
0%
North Carolina International League (Baseball) Charlotte Knights
0%
Tennessee NCAA Chattanooga
0%
Tennessee Southern League (Baseball) Chattanooga Lookouts
0%
Tennessee USL League One (Soccer) Chattanooga Red Wolves SC
0%
Wisconsin NAHL (Hockey) Chippewa Steel
0%
Ohio NCAA Cincinatti
0%
Ohio NFL Cincinatti Bengals
0%
Ohio ECHL (Hockey) Cincinatti Cyclones
0%
Ohio MLB Cincinatti Reds
0%
South Carolina NCAA Citadel
0%
South Carolina NCAA Clemson
0%
Ohio NFL Cleveland Browns
0%
Ohio NBA Cleveland Cavaliers
0%
Ohio G League (Basketball) Cleveland Charge
0%
Ohio MLB Cleveland Guardians
0%
Ohio AHL (Hockey) Cleveland Monsters
0%
Ohio NCAA Cleveland St
0%
South Carolina NCAA Coastal Carolina
0%
South Carolina Carolina League (Baseball) Colombia Fireflies
0%
Ohio NHL Columbus Blue Jackets
0%
Ohio International League (Baseball) Columbus Clippers
0%
Ohio MLS Columbus Crew SC
0%
Texas Texas League (Baseball) Corpus Christi Hooks
0%
Texas NAHL (Hockey) Corpus Christi IceRays
0%
North Carolina MLS Next Pro (Soccer) Crown Legacy FC
0%
Texas NFL Dallas Cowboys
0%
Texas NBA Dallas Mavericks
0%
Texas NHL Dallas Stars
0%
Texas WNBA Dallas Wings
0%
North Carolina NCAA Davidson
0%
Ohio NCAA Dayton
0%
Ohio Midwest League (Baseball) Dayton Dragons
0%
Washington D.C. MLS D.C. United
0%
North Carolina Caroline League (Baseball) Down East Wood Ducks
0%
Pennsylvania NCAA Drexel
0%
North Carolina NCAA Duke
0%
Pennsylvania NCAA Duquesne
0%
North Carolina International League (Baseball) Durham Bulls
0%
North Carolina NCAA East Carolina
0%
Washington NCAA Eastern Washington
0%
North Carolina NCAA Elon
0%
Texas Pacific Coast League (Baseball) El Paso Chihuahuas
0%
Pennsylvania OHL (Hockey) Erie Otters
0%
Pennsylvania Eastern League (Baseball) Erie Seawolves
0%
Tennessee NCAA ETSU
0%
Oregon Northwest League (Baseball) Eugene Emeralds
0%
Washington Northwest League (Baseball) Everett AquaSox
0%
Washington WHL (Hockey) Everett Silvertips
0%
North Dakota USHL (Hockey) Fargo Force
0%
North Carolina Carolina League (Baseball) Fayetteville Woodpeckers
0%
Ohio MLS FC Cincinatti
0%
Texas MLS FC Dallas
0%
Oklahoma USL Championship (Soccer) FC Tulsa
0%
Wisconsin USL League One (Soccer) Forward Madison FC
0%
Virginia Carolina League (Baseball) Fredericksburg Nationals
0%
Texas Texas League (Baseball) Frisco RoughRiders
0%
South Carolina NCAA Furman
0%
North Carolina NCAA Gardner-Webb
0%
Virginia NCAA George Mason
0%
Washington D.C. NCAA Georgetown
0%
Washington D.C. NCAA George Washington
0%
Washington NCAA Gonzaga
0%
Wisconsin NCAA Green Bay
0%
Wisconsin USHL (Hockey) Green Bay Gamblers
0%
Wisconsin NFL Green Bay Packers
0%
North Carolina South Atlantic League (Baseball) Greensboro Grasshoppers
0%
North Carolina G League (Basketball) Greensboro Swarm
0%
South Carolina South Atlantic League (Baseball) Greenville Drive
0%
South Carolina ECHL (Hockey) Greenville Swamp Rabbits
0%
South Carolina USL League One (Soccer) Greenville Triumph SC
0%
Virginia NCAA Hampton
0%
Pennsylvania Eastern League (Baseball) Harrisburg Senators
0%
Pennsylvania AHL (Hockey) Hershey Bears
0%
North Carolina South Atlantic League (Baseball) Hickory Crawdads
0%
North Carolina NCAA High Point
0%
Oregon Northwest League (Baseball) Hillsboro Hops
0%
Texas NCAA Houston
0%
Texas MLB Houston Astros
0%
Texas NCAA Houston Christian
0%
Texas NWSL (Soccer) Houston Dash
0%
Texas MLS Houston Dynamo
0%
Texas MLS Next Pro (Soccer) Houston Dynamo 2
0%
Texas NBA Houston Rockets
0%
Texas UFL (Football) Houston Roughnecks
0%
Washington D.C. NCAA Howard
0%
Texas NCAA Incarnate Word
0%
Virginia NCAA James Madison
0%
Wisconsin NAHL (Hockey) Janesville Jets
0%
Pennsylvania NAHL (Hockey) Johnstown Tomahawks
0%
North Carolina Carolina League (Baseball) Kannapolis Cannon Ballers
0%
Ohio NCAA Kent St
0%
Pennsylvania NCAA Lafayette
0%
Ohio Midwest League (Baseball) Lake County Captains
0%
Texas NCAA Lamar
0%
Pennsylvania NCAA La Salle
0%
Pennsylvania NCAA Lehigh
0%
Pennsylvania International League (Baseball) Lehigh Valley Iron Pigs
0%
Pennsylvania AHL (Hockey) Lehigh Valley Phantoms
0%
Virginia NCAA Liberty
0%
Tennessee NCAA Lipscomb
0%
Texas NAHL (Hockey) Lone Star Brahmas
0%
Virginia NCAA Longwood
0%
Virginia USL Championship (Soccer) Loudoun United FC
0%
Virginia Carolina League (Baseball) Lynchburg Hillcats
0%
Wisconsin USHL (Hockey) Madison Capitals
0%
Wisconsin NCAA Marquette
0%
West Virginia NCAA Marshall
0%
Tennessee NCAA Memphis
0%
Tennessee USL Championship (Soccer) Memphis 901 FC
0%
Tennessee NBA Memphis Grizzlies
0%
Tennessee International League (Baseball) Memphis Redbirds
0%
Ohio NCAA Miami (OH)
0%
Tennessee NCAA Middle Tennessee
0%
Texas Texas League (Baseball) Midland RockHounds
0%
Wisconsin NCAA Milwaukee
0%
Wisconsin AHL (Hockey) Milwaukee Admirals
0%
Wisconsin MLB Milwaukee Brewers
0%
Wisconsin NBA Milwaukee Bucks
0%
North Dakota NAHL (Hockey) Minot Minotauros
0%
South Carolina Carolina League (Baseball) Myrtle Beach Pelicans
0%
Tennessee NHL Nashville Predators
0%
Tennessee MLS Nashville SC
0%
Tennessee International League (Baseball) Nashville Sounds
0%
North Carolina NCAA NC St
0%
Virginia ECHL (Hockey) Norfolk Admirals
0%
Virginia NCAA Norfolk St
0%
Virginia International League (Baseball) Norfolk Tides
0%
North Carolina NCAA North Carolina A&T
0%
North Carolina NCAA North Carolina Central
0%
North Carolina NWSL (Soccer) North Carolina Courage
0%
North Carolina USL Championship (Soccer) North Carolina FC
0%
North Dakota NCAA North Dakota
0%
North Dakota NCAA North Dakota St
0%
Texas NCAA North Texas
0%
Texas MLS Next Pro (Soccer) North Texas SC
0%
Texas NAHL (Hockey) Odessa Jackalopes
0%
Ohio NCAA Ohio
0%
Ohio NCAA Ohio St
0%
Oklahoma USL Championship (Soccer) OKC Energy FC
0%
Oklahoma NCAA Oklahoma
0%
Oklahoma G League (Basketball) Oklahoma City Blue
0%
Oklahoma Pacific Coast League (Baseball) Oklahoma City Dodgers
0%
Oklahoma NBA Oklahoma City Thunder
0%
Oklahoma NCAA Oklahoma St
0%
Virginia NCAA Old Dominion
0%
Oklahoma NCAA Oral Roberts
0%
Oregon NCAA Oregon
0%
Oregon NCAA Oregon St
0%
Pennsylvania NCAA Penn
0%
Pennsylvania NCAA Penn St
0%
Pennsylvania NBA Philadelphia 76ers
0%
Pennsylvania NFL Philadelphia Eagles
0%
Pennsylvania NHL Philadelphia Flyers
0%
Pennsylvania MLB Philadelphia Phillies
0%
Pennsylvania MLS Philadelphia Union
0%
Pennsylvania NCAA Pittsburgh
0%
Pennsylvania NHL Pittsburgh Penguins
0%
Pennsylvania MLB Pittsburgh Pirates
0%
Pennsylvania USL Championship (Soccer) Pittsburgh Riverhounds SC
0%
Pennsylvania NFL Pittsburgh Steelers
0%
Oregon NCAA Portland
0%
Oregon NCAA Portland St
0%
Oregon NWSL (Soccer) Portland Thorns FC
0%
Oregon MLS Portland Timbers
0%
Oregon NBA Portland Trailblazers
0%
Oregon WHL (Hockey) Portland Winterhawks
0%
Texas NCAA Prairie View A&M
0%
South Carolina NCAA Presbyterian
0%
Rhode Island NCAA Providence
0%
Rhode Island AHL (Hockey) Providence Bruins
0%
North Carolina NCAA Queens
0%
Virginia NCAA Radford
0%
South Dakota ECHL (Hockey) Rapid City Rush
0%
Pennsylvania Eastern League (Baseball) Reading Fightin Phils
0%
Pennsylvania ECHL (Hockey) Reading Royals
0%
Utah MLS Next Pro (Soccer) Real Monarchs
0%
Utah MLS Real Salt Lake
0%
Rhode Island NCAA Rhode Island
0%
Texas NCAA Rice
0%
Virginia NCAA Richmond
0%
Virginia Eastern League (Baseball) Richmond Flying Squirrels
0%
Virginia USL League One (Soccer) Richmond Kickers
0%
Texas USL Championship (Soccer) Rio Grande Valley FC Toros
0%
Texas G League (Basketball) Rio Grande Valley Vipers
0%
Pennsylvania NCAA Robert Morris
0%
Texas Pacific Coast League (Baseball) Round Rock Express
0%
Pennsylvania NCAA Saint Francis
0%
Pennsylvania NCAA Saint Joseph's
0%
Virginia Carolina League (Baseball) Salem Red Sox
0%
Utah Pacific Coast League (Baseball) Salt Lake Bees
0%
Utah G League (Basketball) Salt Lake City Stars
0%
Texas NCAA Sam Houston
0%
Texas USL Championship (Soccer) San Antonio FC
0%
Texas Texas League (Baseball) San Antonio Missions
0%
Texas NBA San Antonio Spurs
0%
Pennsylvania International League (Baseball) Scranton/Wilkes-Barre RailRiders
0%
Washington NCAA Seattle
0%
Washington NHL Seattle Kraken
0%
Washington MLB Seattle Mariners
0%
Washington NWSL (Soccer) Seattle Reign FC
0%
Washington NFL Seattle Seahawks
0%
Washington MLS Seattle Sounders FC
0%
Washington WNBA Seattle Storm
0%
Washington WHL (Hockey) Seattle Thunderbirds
0%
South Dakota G League (Basketball) Sioux Falls Skyforce
0%
South Dakota USHL (Hockey) Sioux Falls Stampede
0%
Texas NCAA SMU
0%
South Carolina NCAA South Carolina
0%
South Carolina NCAA South Carolina St
0%
South Carolina ECHL (Hockey) South Carolina Sting Rays
0%
South Dakota NCAA South Dakota
0%
South Dakota NCAA South Dakota St
0%
Utah NCAA Southern Utah
0%
Washington WHL (Hockey) Spokane Chiefs
0%
Washington Northwest League (Baseball) Spokane Indians
0%
Texas NCAA Stephen F. Austin
0%
Texas Pacific Coast League (Baseball) Sugarland Space Cowboys
0%
Washington MLS Next Pro (Soccer) Tacoma Defiance
0%
Washington Pacific Coast League (Baseball) Tacoma Rainiers
0%
Texas NCAA Tarleton St
0%
Texas NCAA TCU
0%
Pennsylvania NCAA Temple
0%
Tennessee NCAA Tennessee
0%
Tennessee NCAA Tennessee Martin
0%
Tennessee Southern League (Baseball) Tennessee Smokies
0%
Tennessee NCAA Tennessee St
0%
Tennessee NCAA Tennessee Tech
0%
Texas NCAA Texas
0%
Texas NCAA Texas A&M
0%
Texas NCAA Texas A&M-Commerce
0%
Texas NCAA Texas A&M-Corpus Christi
0%
Texas G League (Basketball) Texas Legends
0%
Texas MLB Texas Rangers
0%
Texas NCAA Texas Southern
0%
Texas NCAA Texas St
0%
Texas AHL (Hockey) Texas Stars
0%
Texas NCAA Texas Tech
0%
Ohio NCAA Toledo
0%
Ohio International League (Baseball) Toledo Mud Hens
0%
Ohio ECHL (Hockey) Toledo Walleye
0%
Washington WHL (Hockey) Tri-City Americans
0%
Washington Northwest League (Baseball) Tri-City Dust Devils
0%
Oklahoma NCAA Tulsa
0%
Oklahoma Texas League (Baseball) Tulsa Drillers
0%
Oklahoma ECHL (Hockey) Tulsa Oilers
0%
North Carolina NCAA UNC
0%
North Carolina NCAA UNC Asheville
0%
North Carolina NCAA UNC Greensboro
0%
North Carolina NCAA UNC Wilmington
0%
South Carolina NCAA USC Upstate
0%
Utah NCAA Utah
0%
Utah ECHL (Hockey) Utah Grizzlies
0%
Utah NHL Utah Hockey Club
0%
Utah NBA Utah Jazz
0%
Utah NWSL (Soccer) Utah Royals FC
0%
Utah NCAA Utah St
0%
Utah NCAA Utah Tech
0%
Utah NCAA Utah Valley
0%
Texas NCAA UT Arlington
0%
Texas NCAA UTEP
0%
Texas NCAA UTRGV
0%
Texas NCAA UTSA
0%
Tennessee NCAA Vanderbilt
0%
Virginia NCAA VCU
0%
Vermont NCAA Vermont
0%
Pennsylvania NCAA Villanova
0%
Virginia NCAA Virginia
0%
Virginia NCAA Virginia Tech
0%
Virginia NCAA VMI
0%
North Carolina NCAA Wake Forest
0%
Washington NCAA Washington
0%
Washington D.C. NHL Washington Capitals
0%
Washington D.C. WNBA Washington Mystics
0%
Washington D.C. MLB Washington Nationals
0%
Washington D.C. NWSL (Soccer) Washington Spirit
0%
Washington NCAA Washington St
0%
Washington D.C. NBA Washington Wizards
0%
Utah NCAA Weber St
0%
North Carolina NCAA Western Carolina
0%
West Virginia NCAA West Virginia
0%
West Virginia ECHL (Hockey) Wheeling Nailers
0%
Pennsylvania AHL (Hockey) Wilkes-Barre/Scranton Penguins
0%
Virginia NCAA William & Mary
0%
North Carolina South Atlantic League (Baseball) Winston-Salem Dash
0%
South Carolina NCAA Winthrop
0%
Wisconsin NCAA Wisconsin
0%
Wisconsin G League (Basketball) Wisconsin Herd
0%
Wisconsin Midwest League (Baseball) Wisconsin Timber Rattlers
0%
South Carolina NCAA Wofford
0%
Ohio NCAA Wright St
0%
Wyoming NCAA Wyoming
0%
Ohio NCAA Xavier
0%
Ohio USHL (Hockey) Youngstown Phantoms
0%
Ohio NCAA Youngstown St
0%
No matching quizzes found
Score Distribution
Percent of People with Each Score
Percentile by Number Answered
Your Score History
You have not taken this quiz